000 00477nam a2200181Ia 4500
008 230524s9999 xx 000 0 und d
020 _a9780070667174
082 _a620.11
_bSMI
100 _aWilliam F Smith
245 0 _a"Materials Science and Engineering In S I Units,"
250 _a4TH
260 _aNEW DELHI
_bTMH
_c2009
300 _aXIV;937
500 _aQuantity Number: 6
650 _aChemistry
700 _a" Javad Hashemi , Ravi Prakash,,,"
942 _cBK
999 _c43794
_d43794